Cyber Quiz - Statistics

General Stats
  • This quiz has been taken 123 times
  • The average score is 7 of 8
Answer Stats
Question Answer % Correct
When you are posting a photo publicly , what do you need to remember Once you post it, you no longer own the photo
92%
What is NOT a way of protecting yourself from hackers Use the same password for multiple accounts
92%
Where would you stall your passwords? A password manager
85%
What is Malware? Potentially malicious software
85%
If you saw a nasty comment on a friends profile would you: Report the comment and check your friend is okay
85%
If you were being bullied online, what should you do? Tell someone you trust, block the user
85%
Which password is the most secure? I3afBWiaH
77%
If you got an email from someone that says you’ve won a price, what should you do? Report it as spam
77%
No matching quizzes found
Score Distribution
Percent of People with Each Score
Percentile by Number Answered
Your Score History
You have not taken this quiz